| 000 | 00397 a2200121 4500 | ||
|---|---|---|---|
| 001 | ART_14841 | ||
| 005 | 20260410161614.0 | ||
| 008 | 260409a | ||
| 245 | 1 | 0 | _aCómo reinventar su modelo de negocios |
| 100 | 1 | _aChristensen, Clayton M. | |
| 700 | 1 | _aJohnson, Mark W. | |
| 773 | 0 |
_tHarvard Business Review _gReimagine su modelo de negocio - Vol. 86, Nº 12 (dic. 2008) _wREV340 |
|
| 999 |
_c10900 _d10900 |
||